|
|
|
|
| LEADER |
00000cam a2200000 a 4500 |
| 001 |
vtls008355448 |
| 003 |
SK-MaSNL |
| 005 |
20260302085124.0 |
| 008 |
190102s1975 xo 000 slo |
| 015 |
|
|
|a SKSNBA1975/11-02645
|
| 035 |
|
|
|a SK01SNK19750047665
|
| 035 |
|
|
|a SKM000050128
|
| 040 |
|
|
|a SNK
|b slo
|c SNK
|e AACR2
|
| 041 |
1 |
|
|a slo
|h cze
|
| 044 |
|
|
|a xo
|c SK
|
| 080 |
|
|
|a 001+62.001:330.342.15
|2 1981
|
| 100 |
1 |
|
|a Löbl, Karel,
|d 1925-
|4 aut
|9 121040
|
| 240 |
1 |
0 |
|a Vědeckotechnický rozvoj za socializmu
|l Slovensky
|
| 245 |
1 |
0 |
|a Vedeckotechnický rozvoj v socializme
|b určené najmä riadiacim prac. na všetkých stupňoch nášho národného hosp. vo výrobnej a spoločenskej sfére
|c [autori:] Karel Löbl, Ladislav Říha ; z čes. orig. Vědeckotechnický rozvoj za socializmu prel. Pavol Holéczy
|
| 250 |
|
|
|a 1. vyd.
|
| 260 |
|
|
|a Bratislava
|b Alfa
|c 1975
|e Liptovský Mikuláš
|f Tlačiarne SNP
|
| 300 |
|
|
|a 255, [2] s.
|c 8°
|
| 490 |
1 |
|
|a Edícia ekonomickej literatúry
|
| 500 |
|
|
|a Tb.
|
| 563 |
|
|
|a 1500 výtl.
|
| 650 |
0 |
7 |
|a vedecko-technický rozvoj
|x socializmus
|x príručky
|2 SNK
|9 80694
|
| 650 |
0 |
7 |
|a socializmus
|x rozvoj vedecko-technický
|x príručky
|2 SNK
|9 755069
|
| 655 |
|
7 |
|a príručky
|2 SNKPH
|9 74364
|
| 700 |
1 |
|
|a Říha, Ladislav,
|d 1933-
|4 aut
|9 117328
|
| 700 |
1 |
|
|a Holéczy, Pavol,
|d 1928-1988
|4 trl
|9 169199
|
| 730 |
|
|
|a Vědeckotechnický rozvoj za socializmu
|9 755070
|
| 830 |
|
0 |
|a Edícia ekonomickej literatúry
|9 276970
|
| 852 |
|
|
|a Slovenská národná knižnica v Martine
|b 10000
|h SC 37535
|
| 852 |
|
|
|a Slovenská národná knižnica v Martine
|b 10000
|h SC 37535 D1
|
| 919 |
|
|
|a viaz.
|
| 958 |
|
|
|a OND
|
| 958 |
|
|
|a TL
|
| 958 |
|
|
|a OP
|
| 958 |
|
|
|a CZ
|
| 958 |
|
|
|a RK
|
| 999 |
|
|
|c 1190803
|d 1192733
|
| 952 |
|
|
|a SNK
|b SNK
|y VYP
|7 0
|p 17A1152196
|o snkSC 37535 D1
|i snkKSP 7242/75
|0 0
|1 0
|4 0
|d 2017-05-16
|l 0
|r 2026-02-24 22:10:38
|w 2026-02-24
|